000 00831nam a2200229Ia 4500
003 GCL
008 140319s9999 xx 000 0 ara d
040 _aGCL /
_cGCL
082 0 4 _a290
_bا د
100 1 _aابكار السقاف
245 1 0 _aالدين عند الاغريق والرومان والمسيحيين /
_cابكار السقاف
250 _aالاولى
260 _aبيروت :
_bمؤسسة الانتشار العربى ،
_c2004
300 _a407 ص ؛
_c24 سم
490 _aنحو افاق اوسع - المراحل التطورية للانسان
_v3
650 0 4 _aالديانات المقارنة
650 0 4 _aالديانات القديمة
650 0 4 _aالمسيحية
650 0 4 _aالديانات الاغريقية
650 0 4 _aالديانات الرومانية
942 _2ddc
_cBK
999 _c8077
_d8077